000 00614nam a2200193 4500
001 132778
003 ES-MaACL
005 20230906194240.0
007 t|
008 070214s1970 sp r ||||1| spa d
100 1 _aRosenbaum, Salo.
_999719
245 1 3 _aLa relación matrimonial /
_cSalo Rosenbaum, Ian Alger ; versión de Ana Doménech ; revisión y prólogo de Juan Obiols Vié.
260 _aBarcelona :
_bAura,
_c1970.
300 _a351 p. ;
_c24 cm.
700 1 _aAlger, Ian.
_919890
700 1 _aDomenech, Ana.
_945071
700 1 _aObiols Vié, Juan.
_986408
852 _aES-MaACL
_jC-44088
_bR.72531
999 _c132778
_d132778